Characterization of Distresses in the Soft Foundation Soil Caused by Highway Embankment to Formulate Remedial Measures/ (Record no. 540586)

000 -LEADER
fixed length control field 00656nam a22001697a 4500
020 ## - INTERNATIONAL STANDARD BOOK NUMBER
Qualifying information Hard Cover.
082 ## - DEWEY DECIMAL CLASSIFICATION NUMBER
Classification number 629.04
100 ## - MAIN ENTRY--PERSONAL NAME
Personal name Amjad, Muhammad
245 ## - TITLE STATEMENT
Title Characterization of Distresses in the Soft Foundation Soil Caused by Highway Embankment to Formulate Remedial Measures/
Statement of responsibility, etc. Muhammad Amjad
260 ## - PUBLICATION, DISTRIBUTION, ETC.
Place of publication, distribution, etc. Islamabad :
Name of publisher, distributor, etc. MCE - NUST,
Date of publication, distribution, etc. 2017.
300 ## - PHYSICAL DESCRIPTION
Extent 115 p. : ill. ;
Dimensions 30cm.
650 ## - SUBJECT ADDED ENTRY--TOPICAL TERM
Topical term or geographic name entry element MS- Transportation and Geotechnical Engineering
700 ## - ADDED ENTRY--PERSONAL NAME
Personal name Supervisor. Sarfraz Ali
856 ## - Uniform Resource Identifier
Uniform Resource Identifier <a href=" http://10.250.8.41:8080/xmlui/handle/123456789/20763"> http://10.250.8.41:8080/xmlui/handle/123456789/20763</a>
942 ## - ADDED ENTRY ELEMENTS (KOHA)
Source of classification or shelving scheme
Koha item type Soft Copy
650 ## - SUBJECT ADDED ENTRY--TOPICAL TERM
-- 126583
700 ## - ADDED ENTRY--PERSONAL NAME
-- 126622
Holdings
Withdrawn status Lost status Source of classification or shelving scheme Damaged status Not for loan Permanent Location Current Location Shelving location Date acquired Full call number Barcode Date last seen Price effective from Koha item type
          Central Library (CL) Central Library (CL) Thesis 10/28/2020 200 CL-T-6423 10/28/2020 10/28/2020 Soft Copy
© 2023 Central Library, National University of Sciences and Technology. All Rights Reserved.